[Event "Sachsen-Anhalt-ch 30th"]
[Site "Magdeburg"]
[Date "2020.10.25"]
[Round "7.6"]
[White "Michael, Dirk"]
[Black "Russ, Aron"]
[Result "1/2-1/2"]
[WhiteElo "2083"]
[BlackElo "1928"]
[PlyCount "85"]
[EventDate "2020.10.22"]
[EventType "swiss"]
[EventRounds "7"]
[EventCountry "GER"]
[SourceTitle "EXT 2022"]
[Source "ChessBase"]
[SourceDate "2021.10.06"]
[SourceVersion "1"]
[SourceVersionDate "2021.10.06"]
[SourceQuality "1"]

1. c4 e5 2. Nc3 Nc6 3. g3 g6 4. Rb1 a5 5. h4 h6 6. Bg2 Bg7 7. d3 d6 8. e3 f5 9. a3 Nf6 10. Qc2 Be6 11. Nge2 Qd7 12. b4 axb4 13. axb4 0-0 14. b5 Nd8 15. Nd5 Rb8 16. Ba3 Ng4 17. Qc1 Bf7 18. Bh3 Ne6 19. f3 Nf6 20. Nxf6+ Bxf6 21. h5 Ng5 22. hxg6 Bxg6 23. Bg2 Bg7 24. f4 Nf7 25. Kf2 Rfe8 26. Nc3 c6 27. Qd2 Ra8 28. Rb3 Ra7 29. Rhb1 Rea8 30. bxc6 bxc6 31. Rb8+ Kh7 32. Rxa8 Rxa8 33. Bc1 Nd8 34. Rb3 Bf7 35. Qc2 Kh8 36. Ne2 h5 37. Bd2 h4 38. Bc3 hxg3+ 39. Nxg3 Qe6 40. Rb1 Kg8 41. Bf1 Bh6 42. Bd2 Kf8 43. Qd1 1/2-1/2

[Event "Sachsen-Anhalt-ch 30th"]
[Site "Magdeburg"]
[Date "2020.10.23"]
[Round "4.6"]
[White "Goergens, Michael"]
[Black "Russ, Aron"]
[Result "1-0"]
[WhiteElo "2025"]
[BlackElo "1928"]
[PlyCount "73"]
[EventDate "2020.10.22"]
[EventType "swiss"]
[EventRounds "7"]
[EventCountry "GER"]
[SourceTitle "EXT 2022"]
[Source "ChessBase"]
[SourceDate "2021.10.06"]
[SourceVersion "1"]
[SourceVersionDate "2021.10.06"]
[SourceQuality "1"]

1. e4 c6 2. d4 d5 3. exd5 cxd5 4. Nf3 Nc6 5. c3 Qc7 6. Be2 Bf5 7. 0-0 Nf6 8. Nbd2 h6 9. Re1 e6 10. Qa4 Nd7 11. Nf1 Bd6 12. Ne3 Be4 13. Nf1 0-0 14. Ng3 Bh7 15. Qd1 a6 16. Bd3 Bxd3 17. Qxd3 b5 18. a3 Na5 19. Nh5 Rfc8 20. h3 Nb3 21. Rb1 Nxc1 22. Rbxc1 g6 23. Rxe6 gxh5 24. Rxh6 Nf8 25. Rxh5 Bf4 26. Re1 Re8 27. Rxe8 Rxe8 28. Rxd5 Ng6 29. Qf5 Qe7 30. g3 Qe2 31. Rd7 Rf8 32. Nh2 Bh6 33. Ng4 Bg7 34. h4 Nh8 35. h5 Qxb2 36. Qg5 Qb1+ 37. Kh2 1-0

[Event "Sachsen-Anhalt-ch 30th"]
[Site "Magdeburg"]
[Date "2020.10.22"]
[Round "1.6"]
[White "Russ, Aron"]
[Black "Geue, Niklas"]
[Result "0-1"]
[WhiteElo "1928"]
[BlackElo "2113"]
[PlyCount "69"]
[EventDate "2020.10.22"]
[EventType "swiss"]
[EventRounds "7"]
[EventCountry "GER"]
[SourceTitle "EXT 2022"]
[Source "ChessBase"]
[SourceDate "2021.10.06"]
[SourceVersion "1"]
[SourceVersionDate "2021.10.06"]
[SourceQuality "1"]

1. e4 e6 2. c4 c5 3. Nc3 Nc6 4. Nf3 e5 5. Nd5 d6 6. d3 h6 7. Be2 g6 8. a3 Bg7 9. Bd2 Nge7 10. Qc1 Be6 11. Bd1 f5 12. b4 f4 13. h4 Nd4 14. Nxd4 cxd4 15. Nxe7 Kxe7 16. a4 g5 17. Qa3 Bf6 18. b5 gxh4 19. Bb4 b6 20. a5 Rg8 21. Bf3 Rb8 22. axb6 axb6 23. Qa7+ Qd7 24. Ke2 Rb7 25. Qa6 Bg4 26. Rhg1 Rgb8 27. Qa3 Bxf3+ 28. Kxf3 Rc8 29. Ke2 Rcc7 30. Qa8 Kf7 31. g3 fxg3 32. fxg3 Qg4+ 33. Ke1 Ke7 34. Rf1 Qxg3+ 35. Rf2 0-1

[Event "Sachsen-Anhalt Landesliga-A 1920"]
[Site "Sachsen Anhalt"]
[Date "2020.01.19"]
[Round "5.5"]
[White "Russ, Aron"]
[Black "Pinternagel, Eike"]
[Result "1/2-1/2"]
[WhiteElo "1854"]
[BlackElo "1813"]
[PlyCount "62"]
[EventDate "2019.09.29"]
[EventType "team-tourn"]
[EventRounds "9"]
[EventCountry "GER"]
[SourceTitle "EXT 2023"]
[Source "ChessBase"]
[SourceDate "2022.10.05"]
[SourceVersion "1"]
[SourceVersionDate "2022.10.05"]
[SourceQuality "1"]
[WhiteTeam "Magdeburg Aufbau Elbe III"]
[BlackTeam "Bernburg Aufbau"]
[WhiteTeamCountry "GER"]
[BlackTeamCountry "GER"]

1. e4 e5 2. d4 exd4 3. Nf3 Nc6 4. Bc4 Be7 5. c3 d5 6. Bxd5 Nf6 7. Bxc6+ bxc6 8. e5 Nd5 9. Nxd4 Qd7 10. 0-0 c5 11. Nc2 0-0 12. Ne3 Rd8 13. Qxd5 Qxd5 14. Nxd5 Rxd5 15. Re1 Bf5 16. c4 Rd4 17. b3 Kf8 18. Nc3 a6 19. Be3 Rd3 20. Na4 Bd7 21. Nb2 Rc3 22. Rac1 Rxc1 23. Rxc1 Ke8 24. Rd1 a5 25. f4 a4 26. bxa4 Bxa4 27. Rd2 Bc6 28. Nd3 Be4 29. Nxc5 Bb1 30. a3 Rxa3 31. Rb2 Bxc5 1/2-1/2

[Event "Sachsen-Anhalt Landesliga-A 1920"]
[Site "Sachsen Anhalt"]
[Date "2019.10.20"]
[Round "2.5"]
[White "Hoffmann, Simon"]
[Black "Russ, Aron"]
[Result "0-1"]
[WhiteElo "1846"]
[BlackElo "1854"]
[PlyCount "116"]
[EventDate "2019.09.29"]
[EventType "team-tourn"]
[EventRounds "9"]
[EventCountry "GER"]
[SourceTitle "EXT 2023"]
[Source "ChessBase"]
[SourceDate "2022.10.05"]
[SourceVersion "1"]
[SourceVersionDate "2022.10.05"]
[SourceQuality "1"]
[WhiteTeam "Magdeburg Rochade II"]
[BlackTeam "Magdeburg Aufbau Elbe III"]
[WhiteTeamCountry "GER"]
[BlackTeamCountry "GER"]

1. e4 c5 2. Nc3 e6 3. g3 d5 4. Bg2 dxe4 5. Nxe4 Nf6 6. Nxf6+ Qxf6 7. d3 Nc6 8. c3 Bd6 9. Nh3 h6 10. f4 Bd7 11. 0-0 0-0-0 12. Nf2 Qe7 13. Ne4 Rhg8 14. a3 f5 15. Nxd6+ Qxd6 16. Qe2 g5 17. b4 gxf4 18. gxf4 Rg6 19. Kh1 Rdg8 20. Rf2 Nxb4 21. axb4 Bc6 22. bxc5 Qd7 23. d4 Rxg2 24. Rxg2 Bxg2+ 25. Qxg2 Rxg2 26. Kxg2 Qd5+ 27. Kf2 Qh1 28. Ke3 a6 29. Kd3 Qxh2 30. Be3 Qg2 31. Rg1 Qe4+ 32. Kd2 h5 33. Rg8+ Kc7 34. Rh8 Kc6 35. c4 Qg2+ 36. Kd3 Qf1+ 37. Kc3 Qe2 38. Bd2 a5 39. Rc8+ Kd7 40. Ra8 h4 41. Rh8 Qf3+ 42. Kb2 h3 43. Bxa5 Qg2+ 44. Kb3 h2 45. Rh7+ Ke8 46. Bc7 h1Q 47. Rxh1 Qxh1 48. Be5 Kd7 49. Kb4 Kc6 50. Kc3 Qc1+ 51. Kb3 Qe3+ 52. Ka4 Qd3 53. Kb4 Kd7 54. Kb5 Qb3+ 55. Ka5 Kc6 56. d5+ exd5 57. cxd5+ Kxc5 58. Bd6+ Kxd5 0-1

[Event "JBLN Ost 0001"]
[Site "Germany"]
[Date "2000.11.26"]
[Round "?"]
[White "Russ, Aron"]
[Black "Janotta, Steffi"]
[Result "1-0"]
[WhiteElo "1712"]
[BlackElo "1357"]
[PlyCount "65"]
[EventDate "2000.??.??"]
[EventType "team"]
[EventRounds "9"]
[EventCountry "GER"]
[SourceTitle "EXT 2003"]
[Source "ChessBase"]
[SourceDate "2002.11.25"]
[SourceVersion "1"]
[SourceVersionDate "2002.11.25"]
[SourceQuality "1"]

1. e4 e5 2. Nf3 Nc6 3. d4 exd4 4. Bc4 Bb4+ 5. c3 dxc3 6. bxc3 Qf6 7. Bb2 Nge7 8. Qc2 Bc5 9. 0-0 d6 10. Bd3 Ne5 11. Nxe5 dxe5 12. Nd2 0-0 13. Nb3 Bb6 14. c4 Bd4 15. Nxd4 exd4 16. f4 Ng6 17. e5 Qd8 18. Rae1 f5 19. Ba3 Ne7 20. g4 g6 21. g5 b6 22. c5 Bb7 23. c6 Bc8 24. Bc4+ Kg7 25. Qb3 Rh8 26. Bf7 Nxc6 27. e6 Ne7 28. Qf3 Rb8 29. Qe2 Bxe6 30. Qe5+ Kxf7 31. Qxe6+ Kg7 32. Qf6+ Kg8 33. Rxe7 1-0